00716nam 22001933 4500001000700000010003200007021002300039100004100062200005500103210005200158215005600210300005600266327000700322606010500329675001600434700004400450801001800494830001000512202829 a978-972-27-1540-9 (vol. IX) aPTb252430/07 (IX) a20260701d u||y0pory50 ba aEtnografia PortuguesafJosé Leite de Vasconcelos a[Lisboa]cImprensa Nacional-Casa da Moedad2007 avol. IX; [XVI], 722, [4] p.cil. ; brochadod29 cm  areimpressão fac-similada da edição de 1985  a  aAntropologia Cultural. Etnologia. Etnografia. Usos e Costumes. Tradições. Modo de vida. Folclore a39vPTzpor aVasconcelosbJosé Leite def1858-1941 aPTbBMMNgRPC cVanda